000 00975nam a2200289 a 4500
001 BRCA_1847
005 20190320203556.0
008 040608s1982----sp-#######---#000-0#spa-#
020 _a8472234258
041 _aspa
044 _asp
050 4 _aTX773
_b.M37 1982
100 1 _aMartínez Montiño, Francisco
_95733
245 1 0 _aArte de cocina
_bpastelería, vizcochería y conservería
_cFrancisco Martinez Montiño.
260 _aBarcelona
_bJuan Francisco Piferrer
_c1982
300 _a1 v. (sin paginación)
_c18 cm.
440 0 _aLos 5 sentidos, libros perdidos
_95734
500 _aFotocopia de las páginas faltantes (1-50, 172-175, 180-185, 462-165) al ejemplar del fondo conventual con número CO 15-44
500 _aEjemplar engargolado
500 _aPor política no se presta a domicilio
650 1 4 _aCocina
_95735
650 1 4 _aRepostería
_95736
650 1 4 _aPastelería
_95737
650 1 4 _aConfitería
_95738
902 _aeng
942 _2lcc
_cB
999 _c1625
_d1625